RASY PSÓW- wersja średnia - Statystyki

Ogólne statystyki
  • Ten quiz został rozwiązany 212 razy
  • Średni wynik to 9 z 20
Statystyki odpowiedzi
Obrazkowy Odpowiedź % Poprawnych
Berneński pies pasterski
69%
Rottweiler
69%
Bullterier
67%
Shiba inu
61%
Szpic miniaturowy
61%
Alaskan malamute
54%
Yorkshire terrier
54%
Owczarek australijski
53%
Pinczer miniaturowy
45%
Sznaucer miniaturowy
44%
Owczarek szkocki długowłosy
39%
Shih tzu
39%
Borzoj
38%
Wyżeł weimarski krótkowłosy
38%
Basset hound
31%
Welsh corgi pembroke
30%
Boston terrier
29%
Cavalier king charles spaniel
27%
Owczarek belgijski malinois
26%
Owczarek francuski briard
12%
Nie znaleziono quizów pasujących do podanych kryteriów
Rozkład punktacji
Procent ludzi z każdym wynikiem
Percentyl według liczby udzielonych odpowiedzi
Twoja historia wyników
Nie rozwiązałeś tego quizu